| 000 | 00000nam##2200000za#4500 |
| 001 | 9.591646 |
| 003 | CaOODSP |
| 005 | 20210624200751 |
| 007 | cr ||||||||||| |
| 008 | 150406|2004||||xxc|||||o f|0| 0 fre|d |
| 020 | |a0-662-76179-0 |
| 040 | |aCaOODSP|bfre |
| 043 | |an-cn--- |
| 086 | 1 |aPS3-1/2004-2F-PDF |
| 110 | 1 |aCanada. |bSécurité publique et protection civile Canada. |
| 245 | 10|aLes prédicteurs de la récidive sexuelle : |h[ressource électronique]|bune méta-analyse à jour / |c[par] R. Karl Hanson et Kelly Morton-Bourgon. |
| 260 | |aOttawa - Ontario : |bSécurité publique et Protection civile Canada |c[2004]. |
| 300 | |a62p.|bréférences, tableaux |
| 490 | 1 |aRecherche sur les questions correctionnelles, rapport pour spécialistes|v2004-02 |
| 590 | |a12-43-Supp|b2012-12-07 |
| 691 | 07|aCrime sexuel|2gcpds |
| 775 | 08|tPredictors of sexual recidivism : |w(CaOODSP)9.558815 |
| 830 | #0|aRecherche sur les questions correctionnelles, rapport pour spécialistes ;|v2004-02|w(CaOODSP)9.501168 |
| 856 | 40|ahttp://publications.gc.ca|qPDF|s218 Ko|uhttps://publications.gc.ca/collections/collection_2012/sp-ps/PS3-1-2004-2-fra.pdf|y2004-02 |